Southville International School and Colleges
Your cart is empty.
  • Cart
  • Lists
    Public lists Eva Luna New books Lux_list list_1
    Your lists Log in to create your own lists
  • Log in to your account
  • Your cookies
  • Search history
Southville International School and Colleges
  • Advanced search
  • Recent comments
  • Most popular
  • Libraries

Log in to your account

Log in with GOOGLE


If you do not have an external account, but do have a local account, you can still log in:

  1. Home
  2. MARC view: Albert N. :
Normal view MARC view ISBD view

Albert N. : (Record no. 3165)

[ view plain ]
MARC details
000 -LEADER
fixed length control field 00460nam a22001697a 4500
003 - CONTROL NUMBER IDENTIFIER
control field OSt
005 - DATE AND TIME OF LATEST TRANSACTION
control field 20140310181750.0
008 - FIXED-LENGTH DATA ELEMENTS--GENERAL INFORMATION
fixed length control field 130626t xxu||||| |||| 00| 0 eng d
050 ## - LIBRARY OF CONGRESS CALL NUMBER
Classification number RC 464
Item number .P438 1976
082 ## - DEWEY DECIMAL CLASSIFICATION NUMBER
Classification number FIL 306.76
Item number PE41 1976
100 ## - MAIN ENTRY--PERSONAL NAME
Personal name Perez, Tony
245 ## - TITLE STATEMENT
Title Albert N. :
Remainder of title a case study by Tony Perez /
Statement of responsibility, etc Tony Perez.
260 ## - PUBLICATION, DISTRIBUTION, ETC. (IMPRINT)
Place of publication, distribution, etc Manila Philippines :
Name of publisher, distributor, etc Journal Press.
Date of publication, distribution, etc 1976.
300 ## - PHYSICAL DESCRIPTION
Extent 182 p.
Dimensions 18 cm.
942 ## - ADDED ENTRY ELEMENTS (KOHA)
Source of classification or shelving scheme Library of Congress Classification
Koha item type Books
Holdings
Withdrawn status Lost status Source of classification or shelving scheme Damaged status Home library Current library Shelving location Date acquired Total Checkouts Full call number Barcode Date last seen Copy number Price effective from Koha item type
    Library of Congress Classification   Luxembourg Library Luxembourg Library Filipiniana Section 06/26/2013   RC 464 .P438 1976 9632 08/13/2013 1 06/26/2013 Books

Albert N. :

APA

Perez T., . (1976). Albert N. Manila Philippines: Journal Press.

Chicago

Perez Tony, . 1976. Albert N. Manila Philippines: Journal Press.

Harvard

Perez T., . (1976). Albert N. Manila Philippines: Journal Press.

MLA

Perez Tony, . Albert N. Manila Philippines: Journal Press. 1976.

  • Place hold
  • Print
  • Cite
  • Add to your cart (remove)
  • Save record
    BIBTEX Dublin Core MARCXML MARC (non-Unicode/MARC-8) MARC (Unicode/UTF-8) MARC (Unicode/UTF-8, Standard) MODS (XML) RIS
  • More searches
    Search for this title in:
    Other Libraries (WorldCat) Other Databases (Google Scholar) Online Stores (Bookfinder.com) Open Library (openlibrary.org)

Exporting to Dublin Core...

SOUTHVILLE LIBRARY

Southville International School and Colleges Library

1281 Tropical Ave. Cor. Luxembourg St., BF Homes International, Las Pinas City

Tel. No. 8256374 / 252358 Loc. 117/146

Powered by Koha